000 00640nam a22002177a 4500
003 dpl
005 20240321120819.0
008 240305b |||||||| |||| 00| 0 eng d
010 _aENG-139807
020 _a9789393734204
_c350.00
035 _aEN-123339
037 _bDBAD/PUB
040 _c.
082 _a881
245 _aNew Normal;
_bSelected Poems From The Pandemic/
_cEdited By Joie Bose
260 _aBelgharia
_bExceller Books
270 _aG1 Dream Apartment , Degree College Road
_bKolkata
_e700056
300 _a111Pg;
_c22cm(pbk)
710 _aJoie Bose
_eEditor
_963763
942 _2ddc
_cEN
_h881
_mBOS
999 _c201696
_d201696